• 首页
  • 本馆介绍
  • 公告通知
  • 最新文献
  • 馆藏检索
  • 电子资源
  • 读者导购
  • 参考咨询
  • 我的图书馆
  • 登录
  • 详细信息显示
  • 放入我的书架
  • 预约/预借图书
  • 作者相关作品
  • 分类相关作品
  • 丛书相关作品
  • 出版社相关作品

书目信息

  • 表格格式
  • 工作单格式
  • 卡片格式
题名:
纤维素科学
    
 
作者: 高洁 , 汤烈贵 主编
分册:  
出版信息: 北京   科学出版社  1996
页数: 270
开本: 26cm
丛书名:
单 册:
中图分类: O636.1+1
科图分类:
主题词: 高分子化学 , 高聚物
电子资源:
ISBN: 7-03-005050-9
000 00580nam0 2200205 450
001 0754114953
005 20070929150154.95
010    @a7-03-005050-9
100    @a20070929d km y0chiy0120 ea
101 0  @achi
200 1  @a纤维素科学@Axian wei su ke xue@f高洁,汤烈贵 主编@Fgao jie,tang lie gui zhu bian
210    @a北京@c科学出版社@d1996
215    @a270@c插图@d26cm
606 0  @a高分子化学
606 0  @a高聚物
690    @aO636.1+1@v3
701  0 @a高洁@Agao jie@4主编
701  0 @a汤烈贵@Atang lie gui@4主编
801  0 @aCN@bPFT@c20070929
905    @a213230@dO636.1+1@eh4@f1
    
    纤维素科学/高洁,汤烈贵 主编.-北京:科学出版社,1996
    270:插图;26cm
    
    
    ISBN 7-03-005050-9:
    
●
相关链接 在E读中查询图书 在五车中查询图书 在当当中查询图书 在豆瓣中查询图书


正题名:纤维素科学     索取号:O636.1+1/h4         预约/预借

序号 登录号 条形码 馆藏地/架位号 状态 备注
1 6000246   260002464   密集书库-化学系/ [索取号:O636.1+1/h4] 在馆    
2 6000247   260002473   密集书库-化学系/ [索取号:O636.1+1/h4] 在馆    
3 6000248   260002482   密集书库-化学系/ [索取号:O636.1+1/h4] 在馆    
4 6000249   260002491   密集书库-化学系/ [索取号:O636.1+1/h4] 在馆    
唐山师范学院图书馆 欢迎您!
大连网信软件有限公司© 版权所有